000 00551nam a2200205 a 4500
001 000023154
005 20200930022025.0
008 101129s2005 sp 000 0 spa d
020 _a8493170739
040 _aDO-SdBNP
_bspa
_cBNPHU
082 _a398.9
_bP338f
100 1 _aPavía Molina, Carlos Luis
_923040
245 1 0 _aFilosofía para una vida más sensible /.
260 _aMadrid :
_b[s.n.],
_c2005.
300 _a149 p. ;
_c21 cm.
490 1 _aBoxer
650 4 _aProverbios y refranes
_918988
830 0 _aBoxer
_947672
049 _aBNGR
999 _c22651
_d22651